Statystyki dla 4-literowa geografia #3

Kliknij tutaj aby rozwiązać quiz!

Ogólne statystyki

  • Ten quiz został rozwiązany 360 razy
  • Średni wynik to 11 z 20

Statystyki odpowiedzi

WskazówkaOdpowiedź% Poprawnych
Największe miasto na Łotwie.Ryga
97%
2. najdłuższa rzeka w Polsce.Odra
90%
Włoskie miasto słynące z Krzywej Wieży.Piza
83%
Kraj wcześniej znany jako Persja.Iran
79%
Naród wyspiarski, który jest członkiem UE.Cypr
75%
Pasmo górskie, które oddziela Azję i Europę.Ural
74%
Trzecie najbardziej zaludnione miasto we Francji.Lyon
73%
Stolica Peru.Lima
72%
Kolonia po niemiecku.Köln
69%
Kraj graniczący z Algierią, Nigrem,
Senegalem i Mauretanią.
Mali
69%
Najbardziej zaludniona stolica w Afryce.Kair
68%
Słynna indonezyjska wyspa
wypoczynkowa na archipelagu
Małych Wysp Sundajskich
Bali
40%
Stolica Jemenu.Sana
40%
Stolica Ghany.Akra
38%
Drugie co do wielkości miasto w Austrii.Graz
35%
Stolica Togo.Lomé
31%
Irlandia po irlandzku.Eire
27%
Miasto Taj Mahal.Agra
15%
Najbardziej wysunięte na północ miasto w
Unii Europejskiej, piąte co do wielkości
miasto w Finlandii.
Oulu
14%
Nazwa Jassy po rumuńsku.Iași
6%

Rozkład punktacji

Percentyl według liczby udzielonych odpowiedzi

Procent ludzi z każdym wynikiem

Twoja historia wyników

Nie rozwiązałeś tego quizu